00609nam a2200193Ia 4500001001000000003000500010008004100015010001100056040000900067082001800076245009000094260002300184300001100207440003200218650002900250650002200279700003400301710008000335Para_6835CHAP220125s1986 xx 000 0 und d a203679 cCHAP aPA 633.11 B52 aBibliografía sobre trigo en México /c Compilador José C. Coronado Rodríguez aMéxico :b INIFA a220 p. aPublicación especial; 121 aTrigo x Bibliografía  aTrigo x México aCoronado Rodríguez, Jose C. aInstituto Nacional de Investigaciones Forestales y Agropecuarias (México)